Padang Kerbala : telaga darah & air mata

Bibliographic Details
Main Authors: Zeidan, George (Author), Syaf, Mahyuddin (Author)
Format: Book
Published: Bandung : al-Ma`arif , 1981
Subjects:

MARC

LEADER 00000cam a2200000 7i4500
001 0000007562
005 20201103093000.0
008 021119s1981
090 0 0 |a BP194.6   |b .Z44 
100 0 |a Zeidan, George ,   |e author 
245 0 0 |a Padang Kerbala :   |b telaga darah & air mata   |c George Zeidan,   |f alihbahasa Mahyuddin Syaf 
260 2 |a Bandung :   |b al-Ma`arif ,   |c 1981 
300 |a 420 ms. ;   |c 18 sm. 
650 0 |a Shiite shrines   |x Kerbala 
700 0 |a Syaf, Mahyuddin ,   |e author 
999 |a 1000083506   |b Book   |c OPEN SHELF (30 DAYS)   |e Gong Badak Campus